MARC

LEADER 00000nam0a2200000 4500
001 350324
005 20250604151610.0
035 |a (RuTPU)RU\TPU\retro\4227 
090 |a 350324 
100 |a 20190114d k y0rusy50 ca 
101 0 |a rus 
102 |a RU 
105 |a a z 000zy 
200 1 |a Испытание некоторых жиров, обращающихся на рынке Дальнего Востока  |e [оттиск статьи]  |f А. М. Оссендовский 
215 |a 2 с.  |c табл. 
300 |a Напечатано гражданским шрифтом  
317 |5 63413507: 14451  |a Поступил в НТБ в 1915 г. в дар от лаборанта ТТИ А. М. Оссендовского (наст. имя Фердинанд Антоний Оссендовский) 
606 1 |a Жиры и масла  |x Производство  |2 stltpush  |3 (RuTPU)RU\TPU\subj\33678  |9 55845 
610 1 |a физические константы 
610 1 |a химико-механические методы 
610 1 |a растительные масла 
610 1 |a животные жиры 
610 1 |a жидкие вещества 
610 1 |a твердые вещества 
610 1 |a физические константы 
610 1 |a химические константы 
610 1 |a результаты исследований 
610 1 |a оттиски 
610 1 |a Коллекция А. М. Оссендовского 
610 1 |a дары библиотеке 
675 |a 665.12  |v 3 
700 1 |a Оссендовский  |b А. М.  |c польский писатель  |c горный инженер, геолог, химик  |c настоящее имя Фердинанд-Антоний  |f 1876-1945  |g Антоний Мартинович  |3 (RuTPU)RU\TPU\pers\18397  |9 6814 
801 1 |a RU  |b 63413507  |c 20190114 
801 2 |a RU  |b 63413507  |c 20190115  |g RCR 
850 |a 63413507 
942 |c BK